Word Ladder: Robert Downey Jr. Quiz Stats

 Plays Quiz Updated Feb 26, 2019

Score 0/20 Timer 03:00
0 Plays Today
Hint Answer % Correct
A male monarchKING
95.6%
SimilarSAME
94.8%
Door in a fenceGATE
94.3%
Of sound mindSANE
93.8%
Microsoft search engineBING
93.4%
★2011 Movie: Sherlock Holmes: A ____ of Shadows★GAME
92%
Trilled a tuneSANG
91.1%
Bugs Bunny or Daffy, e.g.TOON
89.5%
Ripped, like a used ticketTORN
89.2%
★2010 Movie: Due ____DATE
88%
Hint Answer % Correct
Lightweight flying toyKITE
87.9%
★2005 Movie: [Rung 1] [Rung 1] ____ ____BANG
87%
Young foxes or catsKITS
86.7%
★2008 Movie: ____ Man★IRON
84.7%
Alternative to 'truth'DARE
84.1%
Jeff Bridges 1982 sci-fi movieTRON
83.8%
Cattle, archaicallyKINE
83.2%
Calibrating a scale or balanceTARE
71.3%
Mountain lakeTARN
70.7%
★2005 Movie: ____ ____ [Rung 7] [Rung 7]★KISS
63.8%

Today's Daily Dose

You're not logged in!

Compare scores with friends on all Sporcle quizzes.
OR
Log In

Show Comments

Extras

Top Quizzes Today


Score Distribution

Your Account Isn't Verified!

In order to create a playlist on Sporcle, you need to verify the email address you used during registration. Go to your Sporcle Settings to finish the process.

Report this User

Report this user for behavior that violates our Community Guidelines.

Details: